[Event "Kiel op 31st"]
[Site "Kiel"]
[Date "2018.07.31"]
[Round "6"]
[White "Wenske, Hardy"]
[Black "Wu, Sitang"]
[Result "0-1"]
[WhiteElo "1725"]
[BlackElo "1403"]
[PlyCount "94"]
[EventDate "2018.07.28"]
[EventType "swiss"]
[EventRounds "9"]
[EventCountry "GER"]
[SourceTitle "CBM 185 Extra"]
[Source "ChessBase"]
[SourceDate "2018.07.29"]
[SourceVersion "1"]
[SourceVersionDate "2018.07.29"]
[SourceQuality "1"]

1. Nf3 Nf6 2. d4 e6 3. e3 b6 4. Bd3 Bb7 5. Nbd2 Be7 6. 0-0 0-0 7. e4 d6 8. Re1 Nbd7 9. e5 dxe5 10. dxe5 Nd5 11. Be4 Nc5 12. Qe2 Rb8 13. a3 Ba6 14. Qd1 Qd7 15. Bxd5 exd5 16. Nf1 Rbd8 17. Bg5 Bxg5 18. Nxg5 Qf5 19. Nf3 Qd7 20. Ng3 Bc8 21. Ng5 h6 22. Nf3 d4 23. Ne4 Nxe4 24. Rxe4 c5 25. Qe1 Rfe8 26. Rd1 Bb7 27. Rf4 f6 28. Rh4 Bxf3 29. gxf3 Rxe5 30. Re4 Rde8 31. Qf1 Rxe4 32. fxe4 Qg4+ 33. Kh1 Qf3+ 34. Kg1 Rxe4 35. h3 Re5 36. Rd3 Qe2 37. Qd1 Rg5+ 38. Kh1 Qxf2 39. Rd2 Rg1+ 40. Qxg1 Qxd2 41. Qg2 Qxg2+ 42. Kxg2 Kf7 43. Kf3 f5 44. b4 c4 45. b5 Ke6 46. h4 g5 47. hxg5 hxg5 0-1